LEADER 01126nam a2200277 i 4500 001 000000137358 003 CaOOAMICUS 005 20060918000000.0 008 060918s1979 it u000 u ita u 013 $a111132 040 $aSeMil$bita 100 1 $aSpaziani, Maria Luisa <1924-2014>.$0(OLS)http://semarc/name/36698 245 10$aPoesie /$cMaria Luisa Spaziani ; introduzione di Luigi Baldacci. 260 $aMilano :$bArnoldo Mondadori Editore,$c1979. 300 $a170 p. ;$c19 cm. 490 0 $aGli Oscar Mondadori. Poesia e teatro ;$v16 500 $aContiene : Bibliografia. - Fondo Ciprandi. 650 4$aPoesia.$0(OLS)http://semarc/subject/5458 700 1 $aBaldacci, Luigi,$d<1930-2002>.$0(OLS)http://semarc/name/15444 830 0$aOscar. Poesia e teatro ;$v16.$0(OLS)http://semarc/title/8469 850 $aSeMil 852 $aSeMil$W1$xVenegono$y1$m1B II 111$j90904$B90904$CSeMilBibl$Z2$F114406 $81 941 1 $a1 961 $aOmaggio: Ciprandi dott. Paolo 996 $6245$aPoesie$9(OLS)http://semarc/title/2285 996 $6260$aMilano :$bArnoldo Mondadori Editore$9(OLS)http://semarc/publisher/30056 LEADER 01501nam a2200301 4500 001 000000347788 003 CaOOAMICUS 005 20211021160932.0 008 210913s2012 it a 000 u ita r 020 $a978-88-6570-110-2 040 $aSeMil$bita 245 02$aL'anziano al centro :$bstoria e processi di cura "Fondazione Centro di Accoglienza per Anziani ONLUS" di Lonate Pozzolo /$ca cura di Ambrogina Zaro, Maria Rosa Madera ; prefazione di Enrica Rossi. 264 1$aVarese :$bMacchione,$cstampa 2012. 300 $a139 p. :$bill. ;$c25 cm 541 0 $aOmaggio mons. Mario Delpini (3XA V 13) 650 4$aFondazione centro accoglienza per anziani .$0(OLS)http://semarc/subject/50970 650 4$aAnziani - Assistenza.$0(OLS)http://semarc/subject/24889 700 1 $aRossi, Enrica.$0(OLS)http://semarc/name/87096 700 1 $aZaro, Ambrogina.$0(OLS)http://semarc/name/114653 700 1 $aMadera, Maria Rosa.$0(OLS)http://semarc/name/114654 850 $aSeMil 852 $aSeMil$W1$xVenegono$y1$m3XA V 13$j229775$B238847$CSeMilBibl$Z2$F238847 $81 941 1 $a7 961 $aOmaggio mons. Mario Delpini 996 $6020$a978-88-6570-110-2$9(OLS)http://semarc/number/294090 996 $6245$aL'anziano al centro :$bstoria e processi di cura "Fondazione Centro di Accoglienza per Anziani ONLUS" di Lonate Pozzolo$9(OLS)http://semarc/title/437094 996 $6264$aVarese :$bMacchione$9(OLS)http://semarc/publisher/34285